|
|
|
|
| LEADER |
01786nam a22003137a 4500 |
| 001 |
34891 |
| 003 |
BD-DhAAL |
| 005 |
20240904161412.0 |
| 008 |
190724r20171991bg ||||| |||| 00| d ben d |
| 020 |
|
|
|a 984180081-X
|
| 040 |
|
|
|a BD-DhAAL
|d BD-DhAAL
|
| 041 |
|
|
|a ben
|
| 082 |
|
|
|a 891.442
|
| 100 |
|
|
|a ঠাকুর, রবীন্দ্রনাথ
|9 33097
|
| 245 |
|
|
|a ডাকঘর /
|c রবীন্দ্রনাথ ঠাকুর
|
| 246 |
|
|
|a Dakghar
|
| 260 |
|
|
|a ঢাকা :
|b বিশ্বসাহিত্য কেন্দ্র;
|b বিশ্বসাহিত্য ভবন,
|c ১৯৯১ [বিংশ মুদ্রণ ২০১৭];
|c ২০২৩
|
| 300 |
|
|
|a ৩২ পৃষ্ঠা,
|a ৬২ পৃষ্ঠা ;
|c ২২ সে.মি.
|
| 526 |
|
|
|a Residential Campus
GenEd (Residential Campus)
|
| 541 |
|
|
|a Development Book Agency
|e 34891, 40817
|
| 600 |
|
|
|a ঠাকুর, রবীন্দ্রনাথ,
|d ১৮৬১-১৯৪১
|9 33304
|
| 650 |
|
|
|a Bengali drama.
|9 33098
|
| 650 |
|
|
|a Bengali literature.
|
| 852 |
|
|
|a Savar Campus Library
|c General Stacks
|
| 942 |
|
|
|2 ddc
|c BK
|
| 999 |
|
|
|c 40960
|d 40960
|
| 952 |
|
|
|0 0
|1 0
|2 ddc
|4 0
|6 891_442000000000000_TAG
|7 0
|9 65737
|a BRACUL
|b BRACUL
|c GEN
|d 2019-07-17
|e Development Book Agency
|g 108.00
|l 13
|m 12
|o 891.442 TAG
|p 3010035009
|q 2026-06-02
|r 2026-05-20
|s 2026-05-20
|t 2
|v 108.00
|w 2019-07-17
|y BK
|
| 952 |
|
|
|0 0
|1 0
|2 ddc
|4 0
|6 891_442000000000000_TAG
|7 0
|9 65860
|a SCL
|b SCL
|c GEN
|d 2019-07-24
|e Development Book Agency
|g 51.00
|l 9
|m 29
|o 891.442 TAG
|p 3020034891
|r 2024-08-31
|s 2024-04-25
|t 1
|v 108.00
|w 2019-07-24
|y BK
|
| 952 |
|
|
|0 0
|1 0
|2 ddc
|4 0
|6 891_442000000000000_TAG
|7 0
|9 72981
|a SCL
|b SCL
|c GEN
|d 2023-01-15
|e Development Book Agency
|g 102.00
|l 1
|m 5
|o 891.442 TAG
|p 3020040817
|r 2025-11-17
|s 2025-09-11
|t 1
|v 102.00
|w 2023-01-15
|y BK
|